Score 0/19 Timer 03:00
2 Plays Today
Clue 4-Letter Word % Correct
Amount of laundry that fits in the washerLOAD
92.8%
'For ___ of a better word...'LACK
91.2%
Pork fat for cookingLARD
90%
A brownish songbirdLARK
87.7%
High in volumeLOUD
87.7%
Disney's 'The Princess and the ___'FROG
81.3%
PraiseLAUD
80.2%
John Ritter's Tripper on 'Three's Company'JACK
74.1%
Beat with a whipFLOG
69.1%
1982 Jeff Bridges sci fi film set in a mainframeTRON
55.6%
Clue 4-Letter Word % Correct
State of mind or emotionMOOD
54.7%
'Steven Spielberg Presents Tiny ___ Adventures'TOON
54.4%
Io or Deimos, e.g.MOON
51.6%
Plod through against difficultySLOG
51.3%
Make out, in ManchesterSNOG
51%
1970 Joan Crawford sci fi film about a cavemanTROG
50.7%
Suzanne Somers' Chrissy on 'Three's Company'SNOW
37%
A blue plant-based pigmentWOAD
22.1%
Joyce DeWitt's Janet on 'Three's Company'WOOD
21.9%

Today's Daily Dose

Remove Ads.
Support Sporcle.
Get the best of Sporcle when you Go Orange. This ad-free experience offers more features, more stats, and more fun while also helping to support Sporcle. Thank you for becoming a member.

You're not logged in!

Compare scores with friends on all Sporcle quizzes.
OR
Log In

Show Comments

Extras

Top Quizzes Today


Score Distribution

Your Account Isn't Verified!

In order to create a playlist on Sporcle, you need to verify the email address you used during registration. Go to your Sporcle Settings to finish the process.

Report this User

Report this user for behavior that violates our Community Guidelines.

Details: